[Event "Aeroflot Open"]
[Site "Moscow RUS"]
[Date "2009.02.17"]
[Round "1"]
[White "Zhigalko,S"]
[Black "Bacrot,E"]
[Result "1/2-1/2"]
[WhiteElo "2587"]
[BlackElo "2722"]
[EventDate "2009.02.17"]

1. e4 e5 2. Nf3 Nc6 3. Bb5 Nf6 4. O-O Nxe4 5. d4 Nd6 6. Bxc6 dxc6 7. dxe5
Nf5 8. Qxd8+ Kxd8 9. Nc3 Ne7 10. h3 Ng6 11. b3 h6 12. Bb2 Nf4 13. Rad1+ Ke8
14. Nd4 a5 15. a4 Bd7 16. Kh2 Rd8 17. Nce2 Nxe2 18. Nxe2 Bf5 19. Rxd8+ Kxd8
20. Nd4 Bh7 21. g4 h5 22. Kg3 Bc5 23. Nf5 hxg4 24. hxg4 Bxf5 25. gxf5 Rh5
26. Kg4 Rh2 27. Kg3 Rh5 28. Kg4 Rh2 29. Kg3 1/2-1/2

[Event "Aeroflot Open"]
[Site "Moscow RUS"]
[Date "2009.02.17"]
[Round "1"]
[White "Smirnov,P"]
[Black "Dreev,A"]
[Result "1-0"]
[WhiteElo "2579"]
[BlackElo "2688"]
[EventDate "2009.02.17"]

1. e4 c5 2. Nf3 d6 3. d4 Nf6 4. Nc3 cxd4 5. Nxd4 Nc6 6. Bg5 e6 7. Qd2 a6 8.
O-O-O Be7 9. f4 Nxd4 10. Qxd4 b5 11. Bxf6 gxf6 12. e5 d5 13. Kb1 Bd7 14.
Qe3 f5 15. Ne2 h5 16. h4 a5 17. Ng3 b4 18. Be2 a4 19. Nxh5 a3 20. Qd4 axb2
21. Nf6+ Kf8 22. g4 fxg4 23. Rhg1 Bc6 24. Rxg4 Qa5 25. Qxb2 Bc5 26. f5 exf5
27. Rf4 Qa3 28. Nxd5 Rd8 29. Bc4 Rg8 30. Rxf5 Qh3 31. Rxf7+ Kxf7 32. e6+
Qxe6 33. Rf1+ Bf2 34. Rxf2+ 1-0

[Event "Aeroflot Open"]
[Site "Moscow RUS"]
[Date "2009.02.17"]
[Round "1"]
[White "Vitiugov,N"]
[Black "Maze,S"]
[Result "1-0"]
[WhiteElo "2687"]
[BlackElo "2579"]
[EventDate "2009.02.17"]

1. d4 Nf6 2. c4 e6 3. Nc3 c5 4. d5 exd5 5. cxd5 d6 6. e4 g6 7. f4 Bg7 8.
Bb5+ Nfd7 9. Nf3 O-O 10. O-O a6 11. Bd3 b5 12. Kh1 Re8 13. a3 c4 14. Bc2
Nc5 15. f5 Nbd7 16. Bg5 Bf6 17. h4 Ne5 18. Nxe5 Rxe5 19. fxg6 Bxg5 20.
gxf7+ Kf8 21. Qh5 Bd7 22. Qxh7 Bf6 23. Rf4 Bh3 24. Raf1 Nd7 25. gxh3 1-0

[Event "Aeroflot Open"]
[Site "Moscow RUS"]
[Date "2009.02.17"]
[Round "1"]
[White "Romanov,E"]
[Black "Sargissian,G"]
[Result "1/2-1/2"]
[WhiteElo "2576"]
[BlackElo "2678"]
[EventDate "2009.02.17"]

1. Nf3 Nf6 2. c4 e6 3. Nc3 d5 4. d4 dxc4 5. e4 Bb4 6. Bg5 c5 7. Bxc4 cxd4
8. Nxd4 Bxc3+ 9. bxc3 Qa5 10. Bb5+ Bd7 11. Bxf6 gxf6 12. Bxd7+ Nxd7 13. O-O
a6 14. Rb1 Qc7 15. Qh5 Nc5 16. Rb4 Qe5 17. Qf3 Rd8 18. Nb3 Nxb3 19. axb3 b5
20. Qe3 O-O 21. Rd4 a5 22. f4 Qh5 23. Qd3 Rxd4 24. Qxd4 Qg6 25. Ra1 Ra8 26.
c4 bxc4 27. bxc4 Qh6 28. Qd2 a4 29. c5 a3 30. c6 Qf8 31. Qc3 a2 32. c7 Qc8
33. e5 f5 34. h3 Ra7 35. Kh2 Qxc7 36. Qxc7 Rxc7 37. Rxa2 1/2-1/2

[Event "Aeroflot Open"]
[Site "Moscow RUS"]
[Date "2009.02.17"]
[Round "1"]
[White "Moiseenko,A1"]
[Black "Khairullin,I"]
[Result "1-0"]
[WhiteElo "2676"]
[BlackElo "2574"]
[EventDate "2009.02.17"]

1. d4 Nf6 2. c4 e6 3. Nf3 d5 4. Nc3 Be7 5. cxd5 exd5 6. Bf4 c6 7. Qc2 g6 8.
e3 Bf5 9. Bd3 Bxd3 10. Qxd3 Nbd7 11. O-O O-O 12. h3 Re8 13. Rab1 a5 14.
Rfc1 Nb6 15. Nd2 Nh5 16. Bh2 Bd6 17. Bxd6 Qxd6 18. a3 Nf6 19. b4 Nfd7 20.
bxa5 Rxa5 21. a4 Ra7 22. Rb2 Rea8 23. Qb1 Nxa4 24. Nxa4 Rxa4 25. Rxb7 Ra2
26. Nf3 c5 27. dxc5 Nxc5 28. Rb6 Qf8 29. Rc6 Ne4 30. R6c2 Rxc2 31. Qxc2 Qd6
32. Nd4 Nf6 33. Qb2 Qb8 34. Qc3 Qe5 35. Qc6 Re8 36. Ra1 Ne4 37. f4 Qe7 38.
Ra7 Qd8 39. Qb7 Rf8 40. Ne6 Qf6 41. Nxf8 1-0

[Event "Aeroflot Open"]
[Site "Moscow RUS"]
[Date "2009.02.17"]
[Round "1"]
[White "Zhigalko,A"]
[Black "Milov,V"]
[Result "1/2-1/2"]
[WhiteElo "2572"]
[BlackElo "2669"]
[EventDate "2009.02.17"]

1. e4 d6 2. d4 g6 3. g3 Bg7 4. Bg2 c5 5. c3 Qa5 6. Nd2 cxd4 7. Nb3 Qb6 8.
cxd4 a5 9. Ne2 a4 10. Nd2 Nc6 11. Nf3 Bg4 12. Be3 Qa5+ 13. Kf1 Nf6 14. h3
Bd7 15. Nd2 O-O 16. a3 Qd8 17. Kg1 h5 18. Rc1 Nh7 19. Kh2 h4 20. g4 e5 21.
Nc4 Ra6 22. d5 Ne7 23. Nc3 b5 24. Nd2 f5 25. f3 Kh8 26. Bf1 Qe8 27. Qe2 Qb8
28. Nxb5 fxe4 29. Nc7 Rb6 30. Bxb6 Qxb6 31. Nxe4 Bh6 32. Rc3 Nf5 33. Ne6
Bxe6 34. dxe6 Nd4 35. Qf2 d5 36. e7 Re8 37. g5 Nxg5 38. Nxg5 Bxg5 39. Rg1
Qf6 40. Rc7 Rxe7 41. Rxe7 Qxe7 42. Rg4 Qf6 43. Kg2 Kg7 44. Bd3 Ne6 45. Rxa4
Nf4+ 46. Rxf4 Bxf4 47. a4 Qg5+ 48. Kf1 Be3 49. Qg2 Qf6 50. Ke2 Bg5 51. Qg4
Kh6 52. Qc8 e4 53. fxe4 Qxb2+ 54. Kf1 Qf6+ 55. Ke2 Qb2+ 56. Kf1 Qf6+
1/2-1/2

[Event "Aeroflot Open"]
[Site "Moscow RUS"]
[Date "2009.02.17"]
[Round "1"]
[White "Kotanjian,T"]
[Black "Onischuk,Al"]
[Result "0-1"]
[WhiteElo "2568"]
[BlackElo "2659"]
[EventDate "2009.02.17"]

1. d4 Nf6 2. c4 e6 3. Nc3 Bb4 4. Qc2 O-O 5. a3 Bxc3+ 6. Qxc3 b6 7. Bg5 Bb7
8. f3 h6 9. Bh4 d5 10. e3 Nbd7 11. cxd5 Nxd5 12. Bxd8 Nxc3 13. Bh4 Nd5 14.
Kd2 Rac8 15. e4 Nf4 16. Ne2 Ng6 17. Bg3 c5 18. Rd1 Rfd8 19. Ke3 Nde5 20.
Nc3 cxd4+ 21. Rxd4 Rxd4 22. Kxd4 f5 23. Be2 f4 24. Bxf4 Nxf3+ 25. Bxf3 Nxf4
26. Ke3 Ng6 27. Bg4 Rc6 28. Rd1 Ne5 29. Rd8+ Kf7 30. Be2 a6 31. Na4 Rc2 32.
Nxb6 Rxb2 33. Nc4 Rb3+ 34. Kd2 Ke7 35. Rg8 Nxc4+ 36. Bxc4 Rb2+ 37. Ke3 Rxg2
38. Rb8 Bc6 39. Rb6 Bd7 40. Rxa6 Rxh2 41. a4 Rc2 42. Kd3 Rc1 43. Ra7 Kd6
44. Bb5 Bxb5+ 45. axb5 Rg1 46. Kd4 e5+ 47. Kc4 h5 48. Ra6+ Kc7 49. Kc5 h4
50. Rc6+ Kb7 51. Rb6+ Kc7 52. Rc6+ Kd7 53. Rd6+ Ke7 54. Rd2 g5 55. b6 Rb1
56. Rh2 Kf6 57. Kc6 Kg6 58. b7 Kh5 59. Rh1 Rxb7 60. Kxb7 g4 61. Kc6 g3 62.
Kd5 g2 63. Rg1 h3 64. Kxe5 Kg4 0-1

[Event "Aeroflot Open"]
[Site "Moscow RUS"]
[Date "2009.02.17"]
[Round "1"]
[White "Grachev,B"]
[Black "Chadaev,N"]
[Result "1/2-1/2"]
[WhiteElo "2655"]
[BlackElo "2568"]
[EventDate "2009.02.17"]

1. d4 d5 2. c4 c6 3. Nf3 Nf6 4. e3 Bf5 5. Nc3 e6 6. Nh4 Bg6 7. Bd2 Nbd7 8.
Be2 Bd6 9. Nxg6 hxg6 10. Qc2 Qe7 11. O-O-O a6 12. c5 Bc7 13. f4 b6 14. cxb6
Bxb6 15. Na4 O-O 16. Kb1 Rfc8 17. Rc1 Ne4 18. Nxb6 Nxb6 19. Ba5 Nd7 20. Bd3
f5 21. b4 Ndf6 22. h3 Qb7 23. Ka1 Kf7 24. Rhg1 Ng8 25. g3 Ne7 26. Rg2 Rh8
27. Rh1 Rh7 28. h4 Nf6 29. Be2 Rh6 30. Qd1 Rah8 31. Qd3 Ra8 32. Rc1 Rhh8
33. Qd1 Rh6 34. Bd3 Rhh8 35. Qa4 Rhe8 36. Rgc2 Rec8 37. a3 Ra7 38. Ka2 Raa8
39. Qb3 Rh8 40. Qc3 Ne4 41. Qe1 Nf6 42. Rb2 Rhc8 43. Kb1 Rh8 44. Rcc2 Rhc8
45. Kc1 Rh8 46. Kd1 Rhc8 47. Ke2 Ne4 48. Kf3 Rh8 49. a4 Rhc8 50. Kg2 Nd6
51. Qe2 Rh8 52. Rc1 Ne4 53. Rbb1 Nf6 54. Qe1 Qa7 55. Ra1 Rhc8 56. Be2 Qb7
57. Rcb1 Rab8 58. Qf1 Ra8 59. Ra2 Rcb8 60. Bd3 Ne4 61. Qc1 Qd7 62. Rbb2 Qb7
63. Rc2 Rc8 64. Qd1 Nf6 65. Be2 Rh8 66. Ra1 Qb8 67. Rac1 Qb7 68. Qe1 Rhc8
69. Kg1 Qa7 70. Qd1 Qb7 71. Kh2 Qb8 72. Kg2 Qb7 73. Qe1 Qa7 74. Kg1 Qb7 75.
Bd3 Qa7 76. Kg2 Qb7 77. Rb1 Qa7 78. Rcb2 Rcb8 79. Qc1 Ne4 80. Rb3 Qb7 81.
Qd1 Rh8 82. Rc1 Nf6 83. Be2 Qb8 84. Bf3 Qb7 85. Qe2 Rh7 86. Rbb1 Rhh8 87.
Rh1 Rh6 88. Rbc1 Rb8 89. Qc2 Rhh8 90. Rh3 Rh6 91. Rch1 Rbh8 92. Be2 Rb8 93.
Qd3 Ra8 94. Qd1 Rah8 95. h5 Nxh5 96. Bxh5 gxh5 97. Rxh5 Qb8 98. Rxh6 Rxh6
99. Rxh6 gxh6 100. Qe2 Qc8 101. Bb6 Ng8 102. Qc2 Qd7 103. Qe2 Qc8 104. Qc2
Qd7 105. Qe2 Qc8 106. Qc2 1/2-1/2

[Event "Aeroflot Open"]
[Site "Moscow RUS"]
[Date "2009.02.17"]
[Round "1"]
[White "Shomoev,A"]
[Black "Predojevic,B"]
[Result "1-0"]
[WhiteElo "2567"]
[BlackElo "2650"]
[EventDate "2009.02.17"]

1. d4 Nf6 2. c4 e6 3. Nf3 b6 4. g3 Ba6 5. b3 Bb4+ 6. Bd2 Be7 7. Bg2 d5 8.
Ne5 O-O 9. O-O Bb7 10. cxd5 exd5 11. Nc3 Na6 12. Rc1 Re8 13. Bf4 c5 14. e3
Nc7 15. Nd3 Ne6 16. dxc5 bxc5 17. Be5 Rc8 18. Nf4 Nxf4 19. gxf4 Ne4 20.
Nxe4 dxe4 21. Bh3 f6 22. Bc3 Rc6 23. Qd7 Qb8 24. Rfd1 Kh8 25. Ba5 Bd6 26.
Bf1 Ba8 27. Bb5 Rcc8 28. Rxd6 1-0

[Event "Aeroflot Open"]
[Site "Moscow RUS"]
[Date "2009.02.17"]
[Round "1"]
[White "Andriasian,Z"]
[Black "Amonatov,F"]
[Result "1/2-1/2"]
[WhiteElo "2564"]
[BlackElo "2647"]
[EventDate "2009.02.17"]

1. e4 c5 2. Nf3 e6 3. d4 cxd4 4. Nxd4 Nc6 5. Nc3 Qc7 6. Ndb5 Qb8 7. f4 a6
8. Nd4 Qc7 9. Be3 b5 10. Nxc6 Qxc6 11. Bd3 Nf6 12. e5 Nd5 13. Nxd5 Qxd5 14.
O-O Bb7 15. Qe2 Bc5 16. Rf3 O-O 17. Rd1 Qc6 18. Kh1 Rad8 19. Bxc5 Qxc5 20.
Be4 Bxe4 21. Qxe4 d5 22. exd6 Rxd6 23. Rxd6 Qxd6 24. Rd3 Qc7 25. c3 h6 26.
g3 1/2-1/2

[Event "Aeroflot Open"]
[Site "Moscow RUS"]
[Date "2009.02.17"]
[Round "1"]
[White "Bocharov,D"]
[Black "Safarli,E"]
[Result "1/2-1/2"]
[WhiteElo "2647"]
[BlackElo "2564"]
[EventDate "2009.02.17"]

1. c4 Nf6 2. Nc3 c5 3. Nf3 e6 4. d4 cxd4 5. Nxd4 d5 6. cxd5 Nxd5 7. g3 Nxc3
8. bxc3 e5 9. Nb5 a6 10. Qxd8+ Kxd8 11. Na3 Be6 12. Bg2 Kc7 13. Nc2 Nc6 14.
f4 exf4 15. Bxf4+ Bd6 16. Nd4 Nxd4 17. cxd4 Rad8 18. e3 Bxf4 19. gxf4 Bd5
20. Rg1 g6 21. Kd2 Rhe8 22. Kd3 f5 23. Bxd5 Rxd5 24. h4 Re6 25. Rgc1+ Rc6
26. Rxc6+ Kxc6 27. h5 gxh5 28. e4 fxe4+ 29. Kxe4 Ra5 30. f5 Kd6 31. Rb1
Rxa2 32. Rxb7 Re2+ 33. Kf4 Rf2+ 34. Kg5 Kd5 35. Rxh7 Kxd4 36. f6 a5 37. Kg6
Kc4 38. Rxh5 a4 39. Rf5 Rxf5 40. Kxf5 1/2-1/2

[Event "Aeroflot Open"]
[Site "Moscow RUS"]
[Date "2009.02.17"]
[Round "1"]
[White "Yudin,S"]
[Black "Mamedov,Rau"]
[Result "1/2-1/2"]
[WhiteElo "2562"]
[BlackElo "2638"]
[EventDate "2009.02.17"]

1. e4 c5 2. c3 b6 3. d4 Bb7 4. d5 Nf6 5. f3 e6 6. c4 Bd6 7. Nc3 exd5 8.
exd5 O-O 9. Bd3 Nh5 10. g3 f5 11. f4 g6 12. Nf3 Re8+ 13. Kf2 Na6 14. a3 Nc7
15. Bd2 Nf6 16. Qb3 Ng4+ 17. Kg2 Ne3+ 18. Kf2 Ng4+ 1/2-1/2

[Event "Aeroflot Open"]
[Site "Moscow RUS"]
[Date "2009.02.17"]
[Round "1"]
[White "Aleksandrov,A"]
[Black "Li Shilong"]
[Result "1-0"]
[WhiteElo "2636"]
[BlackElo "2559"]
[EventDate "2009.02.17"]

1. d4 Nf6 2. c4 g6 3. Nc3 Bg7 4. e4 O-O 5. Bg5 d6 6. Qd2 Nbd7 7. Nf3 c6 8.
Bd3 e5 9. O-O a5 10. Rad1 Re8 11. Rfe1 Qb6 12. Na4 Qc7 13. c5 dxc5 14. dxc5
b5 15. cxb6 Nxb6 16. Bc2 Bg4 17. Qd6 Nbd5 18. Qxc7 Nxc7 19. Rd6 Ne6 20. Be3
Bxf3 21. gxf3 Nd4 22. Bxd4 exd4 23. Rxd4 Ng4 24. Rdd1 Ne5 25. Kg2 g5 26. h4
h6 27. h5 Rad8 28. Kg3 Nc4 29. b3 Nb2 30. Nxb2 Bxb2 31. f4 f6 32. Kf3 Kf7
33. e5 Rf8 34. Rd6 Ke7 35. Red1 fxe5 36. Rxd8 Rxd8 37. Rxd8 Kxd8 38. fxg5
hxg5 39. h6 Ke7 40. h7 e4+ 41. Kxe4 Ke6 42. Kd3 Kf7 43. Kc4 Kg7 44. Kc5 g4
45. Bf5 Bc3 46. Bxg4 Kxh7 47. Kxc6 Kg6 48. a3 Kg5 49. f3 Kf4 50. Kc5 Bb2
51. Kb5 Bxa3 52. Kxa5 Ke5 53. b4 Bc1 54. b5 Kd6 55. b6 Kc6 56. Bf5 Kb7 57.
Kb5 Be3 58. Be4+ Kc8 59. Kc6 Kb8 60. b7 Bf4 61. Kd7 Bh2 62. Ke6 Kc7 63. Kf5
Bd6 64. f4 Kd7 65. Kg5 Ke7 66. f5 Be5 67. Kg6 1-0

[Event "Aeroflot Open"]
[Site "Moscow RUS"]
[Date "2009.02.17"]
[Round "1"]
[White "Vazquez Igarza,R"]
[Black "Zvjaginsev,V"]
[Result "0-1"]
[WhiteElo "2558"]
[BlackElo "2636"]
[EventDate "2009.02.17"]

1. d4 Nf6 2. c4 c5 3. d5 b5 4. cxb5 a6 5. bxa6 g6 6. Nc3 Bxa6 7. Nf3 d6 8.
g3 Bg7 9. Bg2 O-O 10. O-O Bb7 11. Re1 Nbd7 12. Rb1 Qa5 13. Bd2 Qa7 14. e4
Ng4 15. Bg5 Rfe8 16. Nb5 Qb6 17. a4 c4 18. Re2 Nc5 19. h3 Nxf2 20. Kxf2
Nxe4+ 21. Ke1 Nxg3 22. Be3 Qa5+ 23. Nd2 Nxe2 24. Kxe2 Rec8 25. Nc3 Ba6 26.
Qc2 Rab8 27. h4 Rb3 28. Kf2 Bxc3 29. bxc3 Rxc3 30. Qa2 Rxe3 31. Kxe3 Qc5+
32. Kf3 Qxd5+ 33. Kg3 Qe5+ 34. Kf2 Qd4+ 35. Kg3 Qe5+ 36. Kf2 c3 37. Nf3
Qc5+ 38. Kg3 c2 39. Rc1 Bd3 40. a5 Qe3 41. Qa1 e5 42. Kh2 Qf4+ 43. Kg1 Rb8
44. Ne1 Rb1 0-1

[Event "Aeroflot Open"]
[Site "Moscow RUS"]
[Date "2009.02.17"]
[Round "1"]
[White "Riazantsev,A"]
[Black "Zherebukh,Y"]
[Result "1/2-1/2"]
[WhiteElo "2634"]
[BlackElo "2558"]
[EventDate "2009.02.17"]

1. d4 d5 2. c4 dxc4 3. Nf3 Nf6 4. e3 g6 5. Bxc4 Bg7 6. O-O O-O 7. b4 Ne4 8.
Bb2 Nd6 9. Be2 Be6 10. Nbd2 a5 11. b5 c6 12. Ng5 Bd7 13. bxc6 Bxc6 14. Ngf3
Nd7 15. Bd3 b5 16. Qe2 Nb6 17. Rfc1 Rc8 18. Ne5 1/2-1/2

[Event "Aeroflot Open"]
[Site "Moscow RUS"]
[Date "2009.02.17"]
[Round "1"]
[White "Minasian,Art"]
[Black "Kazhgaleyev,M"]
[Result "1/2-1/2"]
[WhiteElo "2557"]
[BlackElo "2630"]
[EventDate "2009.02.17"]

1. g3 e5 2. Bg2 Nc6 3. c3 g6 4. e4 Bg7 5. Ne2 Nge7 6. d4 exd4 7. cxd4 d5 8.
e5 f6 9. f4 Bg4 10. Nbc3 fxe5 11. dxe5 d4 12. h3 Bxe2 13. Nxe2 d3 14. Nc3
Qd4 15. Bd2 O-O 16. Qb3+ Kh8 17. O-O-O a5 18. Ne4 a4 19. Qc3 Qd5 20. Kb1
Rfd8 21. Qc5 Qg8 22. Nf6 Qe6 23. h4 a3 24. b3 Nd4 25. Bc3 Ne2 26. Ba1 Nf5
27. Bd5 Qb6 28. Qxb6 cxb6 29. Rxd3 Nfxg3 30. Rhd1 Rac8 31. e6 Nf5 32. Bc4
Rxd3 33. Bxd3 Neg3 34. Bxf5 Nxf5 35. Rd7 Rf8 36. Nd5 Bxa1 37. Kxa1 Re8 38.
e7 Kg7 39. Rxb7 Nxh4 40. Rxb6 Nf5 41. Ra6 Nxe7 42. Nxe7 Rxe7 43. Rxa3 Rb7
44. Kb2 h5 45. Kc3 h4 46. b4 Kf6 47. Kc4 Kf5 48. Rh3 Rh7 49. b5 Kxf4 50. b6
g5 51. a4 g4 52. Rxh4 Rxh4 53. b7 Rh8 54. a5 g3 55. a6 g2 56. a7 g1=Q 57.
b8=Q+ Rxb8 58. axb8=Q+ Kf3 1/2-1/2

[Event "Aeroflot Open"]
[Site "Moscow RUS"]
[Date "2009.02.17"]
[Round "1"]
[White "So,W"]
[Black "Filippov,An UZB"]
[Result "1-0"]
[WhiteElo "2627"]
[BlackElo "2558"]
[EventDate "2009.02.17"]

1. e4 e5 2. Nf3 Nc6 3. Bb5 a6 4. Ba4 Nf6 5. O-O Be7 6. Re1 b5 7. Bb3 d6 8.
c3 O-O 9. h3 Na5 10. Bc2 c5 11. d4 Qc7 12. Nbd2 Be6 13. Nf1 Nc4 14. b3 Nb6
15. Be3 Rfc8 16. Rc1 Bd7 17. Ng3 a5 18. Bb1 a4 19. Nh2 axb3 20. axb3 Qa7
21. dxe5 dxe5 22. Nf5 Bf8 23. Qf3 Be6 24. Qg3 Qc7 25. Nf3 Nbd7 26. Ng5 Bxf5
27. exf5 Ra3 28. Bc2 c4 29. bxc4 Rxc3 30. Ne4 Nxe4 31. Bxe4 Rxc1 32. Rxc1
bxc4 33. Bg5 Qd6 34. Qf3 Nf6 35. Bxf6 Qxf6 36. Bd5 c3 37. Bb3 Qc6 38. Qg3
e4 39. Rc2 Qc5 40. f6 1-0

[Event "Aeroflot Open"]
[Site "Moscow RUS"]
[Date "2009.02.17"]
[Round "1"]
[White "Dyachkov,S"]
[Black "Volkov,Sergey1"]
[Result "0-1"]
[WhiteElo "2553"]
[BlackElo "2627"]
[EventDate "2009.02.17"]

1. d4 d5 2. c4 c6 3. Nf3 Nf6 4. Nc3 a6 5. c5 Nbd7 6. Bf4 Nh5 7. Bd2 Nhf6 8.
Rc1 g6 9. h3 Qc7 10. g3 Bg7 11. Bf4 Qd8 12. Qd2 Ne4 13. Qc2 f5 14. Bg2 O-O
15. O-O h6 16. Rcd1 g5 17. Be5 Bf6 18. Bxf6 exf6 19. g4 fxg4 20. Nxe4 f5
21. Nexg5 hxg5 22. hxg4 Qe7 23. gxf5 g4 24. Nh2 Nf6 25. Qd2 Qh7 26. Qg5+
Kf7 27. Nxg4 Nxg4 28. Qxg4 Bxf5 29. Qf4 Rae8 30. Rd3 Kg8 31. Rg3+ Kh8 32.
Re1 Rf7 33. f3 Bd7 34. Qg5 Rf5 35. Qd2 Rh5 36. Kf2 Qe7 37. Qf4 Rf8 38. Qd6
0-1

[Event "Aeroflot Open"]
[Site "Moscow RUS"]
[Date "2009.02.17"]
[Round "1"]
[White "Landa,K"]
[Black "Zhou Weiqi"]
[Result "1-0"]
[WhiteElo "2626"]
[BlackElo "2542"]
[EventDate "2009.02.17"]

1. d4 d5 2. Nf3 Nf6 3. c4 e6 4. g3 dxc4 5. Bg2 a6 6. Ne5 c5 7. Be3 Nd5 8.
dxc5 Qa5+ 9. Qd2 Qxd2+ 10. Bxd2 Bxc5 11. Nxc4 b5 12. Na5 Bb6 13. Nb3 Bb7
14. Nc3 O-O 15. Rc1 Nd7 16. Ne4 Rad8 17. O-O Ba8 18. Rc2 f5 19. Nec5 Nxc5
20. Nxc5 Bxc5 21. Rxc5 Rc8 22. Rfc1 Rxc5 23. Rxc5 Bb7 24. Kf1 Rc8 25. Rxc8+
Bxc8 26. e4 Nf6 27. exf5 exf5 28. Ke2 Kf7 29. Bc3 g5 30. Bxf6 Kxf6 31. Ke3
Ke5 32. f4+ gxf4+ 33. gxf4+ Kd6 34. b4 Be6 35. a3 Bd5 36. Bf1 Bb7 37. Kd4
Be4 38. Be2 Bc6 39. Bd1 Bd5 40. Bh5 h6 41. Bg6 Be6 42. Bh7 Bd7 43. Bg8 Bc6
44. Bb3 Bd7 45. Bc2 Be6 46. a4 a5 47. bxa5 b4 48. Bd3 b3 49. Kc3 Kc5 50. a6
Kb6 51. Be2 1-0

[Event "Aeroflot Open"]
[Site "Moscow RUS"]
[Date "2009.02.17"]
[Round "1"]
[White "Petrosian,TL"]
[Black "Ragger,M"]
[Result "1/2-1/2"]
[WhiteElo "2623"]
[BlackElo "2540"]
[EventDate "2009.02.17"]

1. d4 d5 2. c4 c6 3. Nf3 Nf6 4. Nc3 dxc4 5. a4 Bf5 6. e3 e6 7. Bxc4 Bb4 8.
O-O Nbd7 9. Qe2 Bg6 10. e4 O-O 11. Bd3 Bh5 12. e5 Nd5 13. Nxd5 cxd5 14. Qe3
Bg6 15. Ng5 Re8 16. f4 h6 17. Nxe6 Rxe6 18. f5 Rxe5 19. Qg3 Qb6 20. fxg6
fxg6 21. Bxg6 Qxd4+ 22. Kh1 Rf8 23. Bxh6 Re6 24. Rad1 Bd6 25. Rxf8+ Nxf8
26. Rxd4 Bxg3 27. hxg3 Nxg6 28. Bf4 1/2-1/2

[Event "Aeroflot Open"]
[Site "Moscow RUS"]
[Date "2009.02.17"]
[Round "1"]
[White "Melkumyan,H"]
[Black "Pashikian,A"]
[Result "1/2-1/2"]
[WhiteElo "2519"]
[BlackElo "2621"]
[EventDate "2009.02.17"]

1. d4 d5 2. c4 e6 3. Nc3 c6 4. e3 Nf6 5. Nf3 Nbd7 6. Bd3 dxc4 7. Bxc4 b5 8.
Bd3 a6 9. e4 c5 10. d5 Qc7 11. O-O Bb7 12. Bc2 c4 13. Qe2 e5 14. Nd1 Rc8
15. Ne3 Bc5 16. Bd2 O-O 17. a4 g6 18. Rfc1 Bd4 19. Nd1 Nc5 20. axb5 axb5
21. Ba5 Qd7 22. Nc3 Rfe8 23. Rd1 Ra8 24. Ra3 Na4 25. Nxa4 Rxa5 26. Nc5 Bxc5
27. Rxa5 Ng4 28. Rf1 f5 29. Raa1 fxe4 30. Bxe4 Nf6 31. Rad1 Qd6 32. Ng5 Bd4
33. Rd2 Rf8 34. Bf3 Nxd5 35. Ne6 Nf4 36. Nxf4 Bxf3 37. Qxf3 Rxf4 38. Qb7
Qc5 39. Ra1 Rf7 40. Qa8+ Rf8 41. Qa6 Bxf2+ 42. Kh1 Bd4 43. Rdd1 Kg7 44. Qe6
Rf6 45. Qh3 Qc6 46. Qa3 Qb7 47. Rf1 b4 48. Qa5 Qb6 49. Qd5 Qe6 50. Qd8 Qf7
51. Rxf6 Qxf6 52. Qc7+ Qf7 53. Qb8 b3 54. h3 Kh6 55. Qb4 Kg7 56. Qd2 Qf5
57. Rc1 h5 58. Qb4 Bxb2 59. Rxc4 Qf1+ 60. Kh2 Bc1 61. Qe7+ Kh6 62. Qxe5
Qxc4 63. Qh8+ Kg5 64. Qe5+ Kh6 65. Qh8+ 1/2-1/2

[Event "Aeroflot Open"]
[Site "Moscow RUS"]
[Date "2009.02.17"]
[Round "1"]
[White "Lysyj,I"]
[Black "Grigoryan,Av"]
[Result "1-0"]
[WhiteElo "2620"]
[BlackElo "2506"]
[EventDate "2009.02.17"]

1. d4 Nf6 2. c4 g6 3. Nc3 Bg7 4. e4 d6 5. Nf3 O-O 6. h3 Na6 7. Bg5 Qe8 8.
g4 c5 9. Bg2 Bd7 10. O-O h6 11. Be3 e5 12. dxe5 dxe5 13. Nd2 Rc8 14. f4
exf4 15. Bxf4 Nh7 16. Nd5 Nb4 17. Bd6 Nd3 18. Ne7+ Kh8 19. Nxc8 Bxc8 20.
Qb3 Bd4+ 21. Kh1 Ne5 22. Nf3 Nxf3 23. Qxf3 Be6 24. Bxf8 Qxf8 25. b3 Be5 26.
Rad1 b6 27. Qd3 Bd4 28. e5 Qe7 29. Qe4 Ng5 30. Qf4 Kg8 31. Rxd4 cxd4 32.
Qxd4 Qa3 33. Qd8+ Kg7 34. h4 Nh7 35. Bd5 Bxd5+ 36. Qxd5 Qe7 37. Kg1 Nf8 38.
Qd6 Qb7 39. Qf6+ Kg8 40. h5 g5 41. Qxh6 Ne6 42. Qf6 Qd7 43. Kh2 Kf8 44. h6
Nf4 45. Qd6+ 1-0

[Event "Aeroflot Open"]
[Site "Moscow RUS"]
[Date "2009.02.17"]
[Round "1"]
[White "Potkin,V"]
[Black "Kosintseva,T"]
[Result "1/2-1/2"]
[WhiteElo "2613"]
[BlackElo "2497"]
[EventDate "2009.02.17"]

1. d4 Nf6 2. c4 e6 3. Nf3 d5 4. Nc3 Bb4 5. cxd5 exd5 6. Bg5 Nbd7 7. Qb3 c5
8. a3 Bxc3+ 9. Qxc3 c4 10. Nd2 O-O 11. e3 h6 12. Bf4 Nb6 13. a4 a5 14. Be2
Be6 15. b3 Qe7 16. O-O Rfc8 17. Rfb1 Bf5 18. Rc1 Rc6 19. h3 Ne4 20. Nxe4
Bxe4 21. Bg3 1/2-1/2

[Event "Aeroflot Open"]
[Site "Moscow RUS"]
[Date "2009.02.17"]
[Round "1"]
[White "Ipatov,A UKR"]
[Black "Zhou Jianchao"]
[Result "0-1"]
[WhiteElo "2494"]
[BlackElo "2612"]
[EventDate "2009.02.17"]

1. d4 Nf6 2. c4 g6 3. Nc3 d5 4. Nf3 Bg7 5. e3 O-O 6. b4 c6 7. Bb2 Bf5 8. c5
Nbd7 9. Nh4 Bg4 10. f3 Be6 11. Bd3 b6 12. g4 a5 13. a3 axb4 14. axb4 bxc5
15. bxc5 Rb8 16. Na4 h5 17. g5 Nh7 18. f4 Bg4 19. Qd2 e5 20. h3 Be6 21. Ng2
exf4 22. exf4 Rb3 23. Bc3 Re8 24. Kd1 Qc7 25. Kc2 Reb8 26. h4 Bg4 27. Rhf1
Nhf8 28. f5 gxf5 29. Bxf5 Bxf5+ 30. Rxf5 Ne6 31. Nf4 Rxc3+ 32. Kxc3 Qa5+
33. Kd3 Rb3+ 34. Nc3 Qxa1 35. g6 Ndxc5+ 36. dxc5 Qb1+ 0-1

[Event "Aeroflot Open"]
[Site "Moscow RUS"]
[Date "2009.02.17"]
[Round "1"]
[White "Ghaem Maghami,E"]
[Black "Ajrapetjan,Y"]
[Result "1-0"]
[WhiteElo "2604"]
[BlackElo "2490"]
[EventDate "2009.02.17"]

1. e4 g6 2. d4 Bg7 3. Nf3 d6 4. Be2 Nf6 5. Nc3 O-O 6. O-O c6 7. Bf4 Nbd7 8.
h3 Qa5 9. Qd2 e5 10. Bh2 exd4 11. Qxd4 Ng4 12. Qxd6 Nxh2 13. Qxh2 Bxc3 14.
bxc3 Qxc3 15. Qf4 Qf6 16. Qe3 Re8 17. Rad1 Qe7 18. Rfe1 Nc5 19. e5 Be6 20.
Rd6 Nd7 21. Qd4 Nb6 22. c4 Nc8 23. c5 Nxd6 24. cxd6 Qd8 25. Nd2 Bd5 26. Bf3
Qa5 27. Bxd5 cxd5 28. Nf3 Rad8 29. Rc1 Rd7 30. a4 f6 31. Rc5 Qd8 32. Rxd5
Re6 33. Qc4 Kh8 34. Rc5 Re8 35. Qc3 Kg7 36. Rc7 fxe5 37. Nxe5 Rxc7 38. dxc7
Qd1+ 39. Kh2 Qd6 40. f4 Qf6 41. Qd4 Kg8 42. Qd5+ Kh8 43. Qf7 1-0

[Event "Aeroflot Open"]
[Site "Moscow RUS"]
[Date "2009.02.17"]
[Round "1"]
[White "Kosintseva,N"]
[Black "Huzman,A"]
[Result "1/2-1/2"]
[WhiteElo "2486"]
[BlackElo "2602"]
[EventDate "2009.02.17"]

1. e4 c6 2. d4 d5 3. e5 Bf5 4. Nd2 e6 5. Nb3 Nd7 6. Nf3 h6 7. Be2 Ne7 8.
O-O g5 9. Ne1 c5 10. Nxc5 Nxc5 11. dxc5 Nc6 12. Bd3 Be4 13. Qe2 Bxc5 14.
Bxe4 dxe4 15. Qxe4 Qd4 16. Qf3 O-O-O 17. Be3 Nxe5 18. Qf6 Qd5 19. Bxc5 Qxc5
20. Nd3 Nxd3 21. cxd3 Qf5 22. Rac1+ Kb8 23. Qe7 Rc8 24. d4 Qf4 25. g3 Qf3
26. Rfe1 a6 27. Rc5 Rhe8 28. Qd6+ Ka7 29. Rec1 Rcd8 30. Qe5 Qd3 31. Rc7
Qxd4 32. Rxb7+ Kxb7 33. Qc7+ Ka8 34. Qc6+ Ka7 1/2-1/2

[Event "Aeroflot Open"]
[Site "Moscow RUS"]
[Date "2009.02.17"]
[Round "1"]
[White "Kurnosov,I"]
[Black "Salem,AR"]
[Result "1-0"]
[WhiteElo "2602"]
[BlackElo "2473"]
[EventDate "2009.02.17"]

1. e4 c6 2. d4 d5 3. e5 Bf5 4. Nd2 e6 5. Nb3 Nd7 6. Nf3 Ne7 7. Be2 h6 8.
Bd2 a5 9. a4 g5 10. h4 g4 11. Nh2 h5 12. f3 Ng6 13. Bg5 Be7 14. Bxe7 Qxe7
15. g3 gxf3 16. Nxf3 f6 17. Qd2 fxe5 18. dxe5 Be4 19. O-O-O Bxf3 20. Bxf3
Ngxe5 21. Be2 b5 22. axb5 a4 23. bxc6 Nf6 24. Qc3 Nc4 25. Bxc4 axb3 26. Bd3
O-O 27. cxb3 Ng4 28. Rhf1 Nf2 29. Rde1 Qd6 30. Kb1 e5 31. Rxe5 Ne4 32.
Rxf8+ Qxf8 33. Qd4 Ra5 34. Rxd5 Nd2+ 35. Kc2 Nf3 36. Bh7+ Kxh7 37. Qe4+ 1-0